000
00218 a2200097 4500
001
30289
100
_a
Hara, John'o
245
_a
The cape cod lighter
260
_a
London
_b
The cresset press
_c
090
_c
20234
_d
20234
942
_a
NUST-CAE
_c
M
_c
11375
999
_c
265362
_d
265362